000 00679nam a2200253Ia 4500
003 OSt
005 20221007104701.0
006 a|||||r|||| 00| 0
007 ta
008 221006b |||||||| |||| 00| 0 eng d
024 _a16,546
037 _cTextual
040 _aLCO
_cLCO
_beng
041 _2eng
_aeng
082 _aZ2,5238, L0
100 _aGupta J.P
_992385
245 0 _aCommentary on Preventive of Adulteration of food Act
250 _a6th
260 _aMeerut
_bHindustan Law Publication India
_c1970
300 _a572+272
650 _aPREVENTION LAW
_9706267
942 _hZ2,5238, L0
_cTEXL
999 _c1186109
_d1186109